Pathology: implications for the physical therapist.
Saved in:
| Main Author: | |
|---|---|
| Other Authors: | |
| Format: | Book |
| Published: |
St. Louis, Missouri ,
Saunders Elsevier ;
2009.
|
| Edition: | 3d ed. |
| Subjects: | |
| Online Access: | Visit NHRC Library |
| Tags: |
Add Tag
No Tags, Be the first to tag this record!
|
| LEADER | 01162cam a2200277 4500 | ||
|---|---|---|---|
| 001 | 002121 | ||
| 005 | 20220906184657.0 | ||
| 050 | 0 | 0 | |a RB111 |b .P36 1971 |
| 060 | |a QZ 140 | ||
| 082 | 0 | 0 | |a 616.07 |
| 100 | |a Goodman, Catherine Cavallaro |9 555 | ||
| 245 | 0 | 0 | |a Pathology: implications for the physical therapist. |c [by] Catherine Cavallaro Goodman [and] Kenda S. Fuller. |
| 250 | |a 3d ed. | ||
| 260 | |a St. Louis, Missouri , |b Saunders Elsevier ; |c 2009. | ||
| 300 | |a xx, 1738 p. |c 24 cm. | ||
| 504 | |a Includes bibliographical references. | ||
| 650 | 0 | |a Pathology. |9 556 | |
| 650 | 0 | |a Musculoskeletal system - Pathophysiology. |9 557 | |
| 650 | 0 | |a Nervous ststem - Pathophysiology. |9 558 | |
| 650 | 0 | |a Physical therapy. |9 559 | |
| 700 | 1 | |a Fuller, Kenda S., |9 560 | |
| 856 | |u http://nhrc.org.np/contact |y Visit NHRC Library | ||
| 942 | |2 NLM |c BK | ||
| 952 | |0 0 |1 0 |2 NLM |4 0 |6 QZ_140_000000000000000_GOO_2009 |7 0 |9 2585 |a NHRC |b NHRC |c CART |d 2017-02-10 |l 0 |o QZ 140/GOO/2009 |p 02122 |r 2017-02-10 |w 2017-02-10 |y BK | ||
| 952 | |0 0 |1 0 |2 NLM |4 0 |6 QZ_140_000000000000000_GOO_2009 |7 0 |9 2586 |a NHRC |b NHRC |c CART |d 2017-02-10 |l 0 |o QZ 140/GOO/2009 |p 02121 |r 2017-02-10 |w 2017-02-10 |y BK | ||
| 999 | |c 2458 |d 2458 | ||